000 00654nam a2200241Ia 4500
003 OSt
005 20220918210738.0
006 a|||||r|||| 00| 0
007 ta
008 220917b |||||||| |||| 00| 0 eng d
024 _a121,800
037 _cTextual
040 _aARTS
_cARTS
_beng
041 _2eng
_aeng
082 _aWxJ88x, L5 (TTW)
100 _aOakeshott Michael
_979273
245 0 _aHobbes on civil association
260 _aBerkeley
_bCalifornia Press
_c1975
300 _avi,154p.
_ccm.
650 _aPOLITICAL SCIENCE
942 _hWxJ88x, L5 (TTW)
_cTEXL
_2CC
999 _c244999
_d244999